[Event "2024 National Middle School Championship"]
[Site "Atlanta, Georgia, United States"]
[Date "2024.05.11"]
[Round "4.15"]
[White "Preifer, Dylan Liu"]
[Black "Karabulut, Onur"]
[Result "0-1"]
[TimeControl "G/90;d10"]
[WhiteElo "1536"]
[BlackElo "1661"]

1. e4 {[%clk 01:30:00]} c5 {[%clk 01:30:00]} {[%emt 00:00:05]} 2. c3 {[%clk
01:30:00]} {[%emt 00:00:05]} d6 {[%clk 01:29:54]} {[%emt 00:00:17]} 3. Nf3
{[%clk 01:30:00]} {[%emt 00:00:06]} Nf6 {[%clk 01:29:54]} {[%emt 00:00:06]} 4.
Be2 {[%clk 01:30:00]} {[%emt 00:00:04]} g6 {[%clk 01:29:54]} {[%emt 00:00:06]}
5. Qc2 {[%clk 01:30:00]} {[%emt 00:00:06]} Bg7 {[%clk 01:29:54]} {[%emt
00:00:07]} 6. d4 {[%clk 01:30:00]} {[%emt 00:00:07]} cxd4 {[%clk 01:29:54]}
{[%emt 00:00:10]} 7. Nxd4 {[%clk 01:30:00]} {[%emt 00:00:05]} Nc6 {[%clk
01:29:54]} {[%emt 00:00:07]} 8. Nxc6 {[%clk 01:30:00]} {[%emt 00:00:07]} bxc6
{[%clk 01:29:54]} {[%emt 00:00:05]} 9. Be3 {[%clk 01:29:42]} {[%emt 00:00:27]}
c5 {[%clk 01:29:42]} {[%emt 00:00:22]} 10. Bf3 {[%clk 01:27:37]} {[%emt
00:02:15]} Rb8 {[%clk 01:29:17]} {[%emt 00:00:36]} 11. Nd2 {[%clk 01:26:01]}
{[%emt 00:01:45]} Be6 {[%clk 01:29:14]} {[%emt 00:00:14]} 12. h3 {[%clk
01:24:34]} {[%emt 00:01:36]} O-O {[%clk 01:29:14]} {[%emt 00:00:08]} 13. c4
{[%clk 01:24:22]} {[%emt 00:00:24]} Nd7 {[%clk 01:29:14]} {[%emt 00:00:10]} 14.
Rb1 {[%clk 01:24:22]} {[%emt 00:00:04]} Ne5 {[%clk 01:29:11]} {[%emt 00:00:14]}
15. Be2 {[%clk 01:24:03]} {[%emt 00:00:28]} Qa5 {[%clk 01:28:50]} {[%emt
00:00:30]} 16. b3 {[%clk 01:23:33]} {[%emt 00:00:42]} Rb7 {[%clk 01:28:03]}
{[%emt 00:00:57]} 17. O-O {[%clk 01:23:27]} {[%emt 00:00:15]} Rfb8 {[%clk
01:28:03]} {[%emt 00:00:05]} 18. Nf3 {[%clk 01:22:55]} {[%emt 00:00:42]} Nc6
{[%clk 01:27:51]} {[%emt 00:00:22]} 19. a4 {[%clk 01:20:03]} {[%emt 00:03:03]}
Nb4 {[%clk 01:27:48]} {[%emt 00:00:13]} 20. Qd2 {[%clk 01:18:41]} {[%emt
00:01:31]} Nc6 {[%clk 01:27:43]} {[%emt 00:00:17]} 21. Qd1 {[%clk 01:18:02]}
{[%emt 00:00:48]} Rb6 {[%clk 01:27:02]} {[%emt 00:00:51]} 22. Bd2 {[%clk
01:17:17]} {[%emt 00:00:54]} Qa6 {[%clk 01:26:59]} {[%emt 00:00:14]} 23. Qc2
{[%clk 01:16:38]} {[%emt 00:00:48]} Qb7 {[%clk 01:26:59]} {[%emt 00:00:11]} 24.
Bd1 {[%clk 01:16:35]} {[%emt 00:00:13]} Nb4 {[%clk 01:26:58]} {[%emt 00:00:11]}
25. Bxb4 {[%clk 01:16:05]} {[%emt 00:00:39]} Rxb4 {[%clk 01:26:58]} {[%emt
00:00:09]} 26. Nd2 {[%clk 01:15:41]} {[%emt 00:00:34]} Bh6 {[%clk 01:26:47]}
{[%emt 00:00:22]} 27. f4 {[%clk 01:15:31]} Bd7 {[%clk 01:26:18]} {[%emt
00:00:58]} 28. Be2 {[%clk 01:14:18]} a5 {[%clk 01:25:36]} {[%emt 00:02:15]} 29.
g4 {[%clk 01:13:54]} {[%emt 00:00:34]} Bg7 {[%clk 01:25:05]} {[%emt 00:00:41]}
30. Kh2 {[%clk 01:12:54]} {[%emt 00:01:11]} Bc6 {[%clk 01:24:59]} {[%emt
00:00:17]} 31. g5 {[%clk 01:11:26]} Qc7 {[%clk 01:24:14]} {[%emt 00:02:32]} 32.
Bf3 {[%clk 01:05:09]} R4b7 {[%clk 01:23:12]} {[%emt 00:07:38]} 33. Bg2 {[%clk
01:04:03]} Rf8 {[%clk 01:23:07]} {[%emt 00:01:32]} 34. Nf3 {[%clk 01:01:40]}
Rb6 {[%clk 01:22:29]} {[%emt 00:03:21]} 35. Nd2 {[%clk 00:59:38]} f6 {[%clk
01:22:05]} {[%emt 00:02:45]} 36. h4 {[%clk 00:58:06]} Qd7 {[%clk 01:21:19]}
{[%emt 00:02:39]} 37. Bh3 {[%clk 00:57:43]} Qc7 {[%clk 01:21:09]} {[%emt
00:00:53]} 38. Be6+ {[%clk 00:57:03]} Kh8 {[%clk 01:21:08]} {[%emt 00:01:01]}
39. f5 {[%clk 00:56:15]} {[%emt 00:00:58]} fxg5 {[%clk 01:20:18]} {[%emt
00:01:00]} 40. hxg5 {[%clk 00:55:45]} {[%emt 00:00:39]} Bd7 {[%clk 01:19:56]}
{[%emt 00:00:33]} 41. Qd3 {[%clk 00:54:18]} {[%emt 00:01:37]} Rbb8 {[%clk
01:18:58]} {[%emt 00:01:08]} 42. Bd5 {[%clk 00:48:01]} {[%emt 00:06:27]} Bc6
{[%clk 01:18:05]} {[%emt 00:01:04]} 43. Be6 {[%clk 00:48:01]} {[%emt 00:00:08]}
Bd7 {[%clk 01:14:47]} {[%emt 00:03:28]} 44. Bd5 {[%clk 00:46:26]} {[%emt
00:01:45]} Bc6 {[%clk 01:14:19]} {[%emt 00:00:38]} 45. fxg6 {[%clk 00:45:16]}
{[%emt 00:01:19]} Bxd5 {[%clk 01:12:49]} {[%emt 00:01:40]} 46. exd5 {[%clk
00:45:15]} {[%emt 00:00:11]} Be5+ {[%clk 01:12:12]} {[%emt 00:00:48]} 47. Kg2
{[%clk 00:44:34]} {[%emt 00:00:49]} Qd7 {[%clk 01:11:44]} {[%emt 00:00:40]} 48.
Nf3 {[%clk 00:42:37]} {[%emt 00:02:06]} Qg4+ {[%clk 01:10:44]} {[%emt
00:01:10]} 49. Kf2 {[%clk 00:42:37]} {[%emt 00:00:09]} Rf4 {[%clk 01:08:51]}
{[%emt 00:02:04]} 50. Ke1 {[%clk 00:31:10]} {[%emt 00:11:37]} Rbf8 {[%clk
01:07:47]} {[%emt 00:01:15]} 51. Nh2 {[%clk 00:27:31]} {[%emt 00:03:47]} Qh4+
{[%clk 01:06:40]} {[%emt 00:01:18]} 52. Kd1 {[%clk 00:27:29]} {[%emt 00:00:13]}
Qxh2 {[%clk 01:06:28]} {[%emt 00:00:22]} 53. Re1 {[%clk 00:27:17]} {[%emt
00:00:22]} Rd4 {[%emt 00:02:44]} 0-1

[Event "2024 National Middle School Championship"]
[Site "Atlanta, Georgia, United States"]
[Date "2024.05.11"]
[Round "4.16"]
[White "Raghuraman, Advaith"]
[Black "Bhatti, Danish Idrees"]
[Result "0-1"]
[TimeControl "G/90;d10"]
[WhiteElo "1567"]
[BlackElo "1429"]

1. e4 {[%clk 01:30:00]} {[%emt 00:00:02]} d6 {[%clk 01:30:00]} {[%emt
00:00:03]} 2. d4 {[%clk 01:30:00]} {[%emt 00:00:10]} Nf6 {[%clk 01:30:00]}
{[%emt 00:00:04]} 3. Nc3 {[%clk 01:28:45]} {[%emt 00:01:26]} g6 {[%clk
01:30:00]} {[%emt 00:00:09]} 4. f3 {[%clk 01:28:38]} {[%emt 00:00:17]} Bg7
{[%clk 01:30:00]} {[%emt 00:00:07]} 5. Be3 {[%clk 01:28:38]} {[%emt 00:00:04]}
O-O {[%clk 01:29:52]} {[%emt 00:00:18]} 6. Qd2 {[%clk 01:28:26]} {[%emt
00:00:22]} e5 {[%clk 01:29:40]} {[%emt 00:00:22]} 7. d5 {[%clk 01:27:32]}
{[%emt 00:01:04]} Nbd7 {[%clk 01:29:24]} {[%emt 00:00:26]} 8. Bh6 {[%clk
01:20:16]} {[%emt 00:07:26]} Nxe4 {[%clk 01:29:15]} {[%emt 00:00:20]} 9. Nxe4
{[%clk 01:09:38]} {[%emt 00:10:47]} Qh4+ {[%clk 01:29:12]} {[%emt 00:00:12]} 10.
g3 {[%clk 01:08:09]} {[%emt 00:01:40]} Qxh6 {[%clk 01:29:12]} {[%emt 00:00:06]}
11. Qg2 {[%clk 01:04:11]} {[%emt 00:04:08]} Qe3+ {[%clk 01:28:57]} {[%emt
00:00:25]} 12. Qe2 {[%clk 01:01:12]} {[%emt 00:03:11]} Qxe2+ {[%clk 01:28:38]}
{[%emt 00:00:28]} 13. Bxe2 {[%clk 00:59:54]} {[%emt 00:01:28]} f5 {[%clk
01:28:18]} {[%emt 00:00:30]} 14. Nd2 {[%clk 00:59:20]} {[%emt 00:00:44]} a6
{[%clk 01:27:27]} {[%emt 00:01:01]} 15. c4 {[%clk 00:57:51]} {[%emt 00:01:39]}
c6 {[%clk 01:25:20]} {[%emt 00:02:16]} 16. Bd1 {[%clk 00:52:20]} {[%emt
00:05:41]} cxd5 {[%clk 01:25:18]} {[%emt 00:00:13]} 17. cxd5 {[%clk 00:52:13]}
{[%emt 00:00:18]} b5 {[%clk 01:24:54]} {[%emt 00:00:32]} 18. Bb3 {[%clk
00:51:04]} {[%emt 00:01:20]} Bb7 {[%clk 01:24:11]} {[%emt 00:00:53]} 19. O-O-O
{[%clk 00:48:48]} {[%emt 00:02:26]} Nb6 {[%clk 01:23:05]} {[%emt 00:01:16]} 20.
Nf1 {[%clk 00:47:40]} {[%emt 00:01:18]} Rac8+ {[%clk 01:23:02]} {[%emt
00:00:12]} 21. Kb1 {[%clk 00:46:32]} {[%emt 00:01:19]} Rc5 {[%clk 01:22:23]}
{[%emt 00:00:47]} 22. g4 {[%clk 00:45:53]} {[%emt 00:00:50]} fxg4 {[%clk
01:20:43]} {[%emt 00:01:51]} 23. fxg4 {[%clk 00:44:43]} {[%emt 00:01:20]} Nc4
{[%clk 01:20:09]} {[%emt 00:00:44]} 24. Bxc4 {[%clk 00:43:03]} {[%emt
00:01:50]} bxc4 {[%clk 01:20:02]} {[%emt 00:00:17]} 25. Ne3 {[%clk 00:42:46]}
{[%emt 00:00:25]} Bh6 {[%clk 01:19:43]} {[%emt 00:00:31]} 0-1

[Event "2024 National Middle School Championship"]
[Site "Atlanta, Georgia, United States"]
[Date "2024.05.11"]
[Round "4.17"]
[White "Berumen, Joshua M"]
[Black "Iparraguirre, Andrew"]
[Result "1-0"]
[TimeControl "G/90;d10"]
[WhiteElo "1262"]
[BlackElo "1281"]

1. e4 {[%clk 01:30:00]} e6 {[%clk 01:30:00]} {[%emt 00:00:08]} 2. d4 {[%clk
01:30:00]} {[%emt 00:00:02]} d5 {[%clk 01:30:00]} {[%emt 00:00:03]} 3. Nc3
{[%clk 01:30:00]} {[%emt 00:00:08]} Bb4 {[%clk 01:29:32]} {[%emt 00:00:37]} 4.
exd5 {[%clk 01:29:02]} {[%emt 00:01:09]} Bxc3+ {[%clk 01:29:32]} {[%emt
00:00:10]} 5. bxc3 {[%clk 01:28:58]} {[%emt 00:00:14]} exd5 {[%clk 01:29:32]}
{[%emt 00:00:06]} 6. Bd3 {[%clk 01:28:30]} {[%emt 00:00:38]} Nf6 {[%clk
01:29:04]} {[%emt 00:00:38]} 7. Ba3 {[%clk 01:26:57]} {[%emt 00:01:43]} Be6
{[%clk 01:27:39]} {[%emt 00:01:34]} 8. Nf3 {[%clk 01:26:00]} {[%emt 00:01:07]}
b6 {[%clk 01:27:38]} {[%emt 00:00:12]} 9. O-O {[%clk 01:23:49]} {[%emt
00:02:20]} Qc8 {[%clk 01:20:32]} {[%emt 00:07:16]} 10. Ng5 {[%clk 01:12:01]}
{[%emt 00:11:59]} c5 {[%emt 00:03:41]} 11. Nxe6 {[%clk 01:11:23]} {[%emt
00:00:45]} fxe6 {[%clk 01:16:58]} {[%emt 00:00:16]} 12. Re1 {[%clk 01:08:21]}
{[%emt 00:03:12]} O-O {[%clk 01:14:50]} {[%emt 00:02:18]} 13. c4 {[%clk
00:59:30]} {[%emt 00:09:02]} Qc6 {[%clk 01:06:03]} {[%emt 00:08:56]} 14. cxd5
{[%clk 00:51:45]} {[%emt 00:07:55]} exd5 {[%clk 01:05:59]} {[%emt 00:00:15]} 15.
dxc5 {[%clk 00:45:44]} {[%emt 00:06:11]} bxc5 {[%clk 01:04:58]} {[%emt
00:01:09]} 16. Re7 {[%clk 00:39:53]} {[%emt 00:06:01]} Nbd7 {[%clk 01:00:28]}
{[%emt 00:04:41]} 17. Qd2 {[%clk 00:33:49]} {[%emt 00:06:03]} Rfe8 {[%clk
00:54:19]} {[%emt 00:06:29]} 18. Rae1 {[%clk 00:30:24]} {[%emt 00:03:32]} Rxe7
{[%clk 00:35:50]} {[%emt 00:18:43]} 19. Rxe7 {[%clk 00:30:05]} {[%emt
00:00:29]} Qa4 {[%clk 00:31:54]} {[%emt 00:04:06]} 20. Qg5 {[%clk 00:28:14]}
{[%emt 00:01:58]} Ne8 {[%clk 00:29:22]} {[%emt 00:02:45]} 21. Qxd5+ {[%clk
00:24:17]} {[%emt 00:04:06]} Kh8 {[%clk 00:27:56]} {[%emt 00:01:36]} 22. Qxa8
{[%clk 00:23:13]} {[%emt 00:01:13]} Ndf6 {[%clk 00:27:18]} {[%emt 00:00:48]} 23.
Bb2 {[%clk 00:22:04]} {[%emt 00:01:15]} Qxa2 {[%clk 00:26:22]} {[%emt
00:01:11]} 24. Rxe8+ {[%clk 00:21:41]} {[%emt 00:00:33]} Nxe8 {[%clk 00:26:16]}
{[%emt 00:00:16]} 25. Qxe8+ {[%clk 00:21:41]} {[%emt 00:00:02]} Qg8 {[%clk
00:26:16]} {[%emt 00:00:10]} 26. Qxg8+ {[%clk 00:21:38]} {[%emt 00:00:13]} Kxg8
{[%clk 00:26:16]} {[%emt 00:00:06]} 27. Bc4+ {[%clk 00:21:29]} {[%emt
00:00:19]} Kf8 {[%clk 00:26:16]} {[%emt 00:00:06]} 28. Kf1 {[%clk 00:21:29]}
{[%emt 00:00:06]} Ke7 {[%clk 00:26:16]} {[%emt 00:00:03]} 29. Bxg7 {[%clk
00:21:25]} {[%emt 00:00:14]} Kd6 {[%clk 00:26:14]} {[%emt 00:00:12]} 30. Bd3
{[%clk 00:21:25]} {[%emt 00:00:11]} Kd5 {[%clk 00:26:11]} {[%emt 00:00:13]} 31.
Bxh7 {[%clk 00:21:25]} {[%emt 00:00:09]} a5 {[%clk 00:26:05]} {[%emt 00:00:15]}
32. f4 {[%clk 00:21:23]} {[%emt 00:00:13]} a4 {[%clk 00:26:05]} {[%emt
00:00:09]} 33. f5 {[%clk 00:21:20]} {[%emt 00:00:12]} a3 {[%clk 00:26:05]}
{[%emt 00:00:05]} 34. Ba1 {[%clk 00:21:04]} {[%emt 00:00:26]} Kc4 {[%clk
00:26:05]} {[%emt 00:00:10]} 35. f6 {[%clk 00:21:04]} {[%emt 00:00:09]} a2
{[%clk 00:25:56]} {[%emt 00:00:19]} 36. f7 {[%clk 00:21:03]} {[%emt 00:00:11]}
Kb4 {[%clk 00:25:56]} {[%emt 00:00:04]} 37. f8=Q {[%clk 00:20:57]} {[%emt
00:00:16]} Kc4 {[%clk 00:25:56]} {[%emt 00:00:06]} 38. Bd3+ {[%clk 00:20:50]}
{[%emt 00:00:17]} Kb4 {[%clk 00:25:56]} {[%emt 00:00:07]} 39. c3+ {[%clk
00:20:44]} {[%emt 00:00:16]} Ka4 {[%clk 00:25:56]} {[%emt 00:00:06]} 40. Qb8
{[%clk 00:20:38]} {[%emt 00:00:14]} Ka5 {[%clk 00:25:56]} {[%emt 00:00:09]} 41.
Qb5# {[%clk 00:20:38]} {[%emt 00:00:01]} 1-0

[Event "2024 National Middle School Championship"]
[Site "Atlanta, Georgia, United States"]
[Date "2024.05.11"]
[Round "4.18"]
[White "Meyer, Richard"]
[Black "Kalavagunta, Saanvika C"]
[Result "1-0"]
[TimeControl "G/90;d10"]
[WhiteElo "1041"]
[BlackElo "1097"]

1. e4 {[%clk 01:30:00]} e5 {[%clk 01:30:00]} {[%emt 00:00:07]} 2. Nf3 {[%clk
01:30:00]} {[%emt 00:00:04]} Nc6 {[%clk 01:30:00]} {[%emt 00:00:06]} 3. Nc3
{[%clk 01:29:52]} {[%emt 00:00:19]} Nf6 {[%clk 01:29:40]} {[%emt 00:00:30]} 4.
d4 {[%clk 01:29:52]} {[%emt 00:00:09]} exd4 {[%clk 01:28:52]} {[%emt 00:00:58]}
5. Nxd4 {[%clk 01:29:52]} {[%emt 00:00:07]} Bb4 {[%clk 01:27:31]} {[%emt
00:01:31]} 6. Nxc6 {[%clk 01:29:51]} {[%emt 00:00:11]} bxc6 {[%clk 01:27:26]}
{[%emt 00:00:15]} 7. Bd3 {[%clk 01:29:50]} {[%emt 00:00:11]} d6 {[%clk
01:26:24]} {[%emt 00:01:12]} 8. Bd2 {[%clk 01:29:30]} {[%emt 00:00:30]} Bc5
{[%clk 01:24:07]} {[%emt 00:02:27]} 9. h3 {[%clk 01:29:15]} {[%emt 00:00:25]}
h6 {[%clk 01:23:34]} {[%emt 00:00:43]} 10. Qe2 {[%clk 01:28:59]} {[%emt
00:00:26]} Be6 {[%clk 01:22:16]} {[%emt 00:01:27]} 11. O-O-O {[%clk 01:28:49]}
{[%emt 00:00:20]} Rb8 {[%clk 01:19:46]} {[%emt 00:02:41]} 12. Be3 {[%clk
01:28:47]} {[%emt 00:00:11]} Bb6 {[%clk 01:16:21]} {[%emt 00:03:34]} 13. Bxb6
{[%clk 01:28:31]} {[%emt 00:00:25]} Rxb6 {[%clk 01:13:36]} {[%emt 00:02:57]} 14.
e5 {[%clk 01:28:30]} {[%emt 00:00:11]} Nd7 {[%clk 01:11:41]} {[%emt 00:02:05]}
15. f4 {[%clk 01:27:28]} {[%emt 00:01:06]} dxe5 {[%clk 01:10:48]} {[%emt
00:01:08]} 16. fxe5 {[%clk 01:26:50]} {[%emt 00:00:43]} Qg5+ {[%clk 01:09:47]}
{[%emt 00:01:16]} 17. Kb1 {[%emt 00:00:14]} Qxe5 {[%emt 00:01:13]} 18. Qxe5
{[%clk 01:24:41]} {[%emt 00:00:52]} Nxe5 {[%clk 01:09:47]} {[%emt 00:00:10]} 19.
Be4 {[%clk 01:23:23]} {[%emt 00:01:29]} O-O {[%clk 01:08:39]} {[%emt 00:01:18]}
20. Rhe1 {[%clk 01:22:59]} {[%emt 00:00:34]} c5 {[%clk 01:02:00]} {[%emt
00:06:49]} 21. Bh7+ {[%clk 01:22:26]} {[%emt 00:00:43]} Kxh7 {[%clk 01:00:53]}
{[%emt 00:01:16]} 22. Rxe5 {[%clk 01:22:26]} {[%emt 00:00:10]} c4 {[%clk
00:59:10]} {[%emt 00:01:53]} 23. Ra5 {[%clk 01:21:54]} {[%emt 00:00:42]} Rfb8
{[%clk 00:57:46]} {[%emt 00:01:35]} 24. Na4 {[%clk 01:21:27]} {[%emt 00:00:37]}
R6b7 {[%clk 00:56:55]} {[%emt 00:01:00]} 25. b3 {[%clk 01:19:05]} {[%emt
00:02:32]} c6 {[%clk 00:48:44]} {[%emt 00:08:21]} 26. Nc5 {[%clk 01:15:26]}
{[%emt 00:03:49]} Re7 {[%clk 00:47:32]} {[%emt 00:01:23]} 27. Rd6 {[%clk
01:14:03]} {[%emt 00:01:33]} Rb5 {[%clk 00:46:12]} {[%emt 00:01:30]} 28. Rxb5
{[%clk 01:13:10]} {[%emt 00:01:03]} cxb5 {[%clk 00:46:08]} {[%emt 00:00:14]} 29.
Nxe6 {[%emt 00:00:14]} Rxe6 {[%emt 00:00:29]} 30. Rd7 {[%emt 00:00:05]} cxb3
{[%emt 00:00:43]} 31. axb3 {[%clk 01:11:26]} {[%emt 00:00:21]} a5 {[%clk
00:44:39]} {[%emt 00:01:41]} 32. Rxf7 {[%clk 01:11:14]} {[%emt 00:00:22]} Rb6
{[%clk 00:43:45]} {[%emt 00:01:05]} 33. Rf5 {[%clk 01:10:51]} {[%emt 00:00:32]}
Kg6 {[%clk 00:43:05]} {[%emt 00:00:50]} 34. g4 {[%clk 01:10:41]} {[%emt
00:00:20]} Kh7 {[%clk 00:40:52]} {[%emt 00:02:23]} 35. Kb2 {[%clk 01:09:56]}
{[%emt 00:00:55]} Kg8 {[%clk 00:39:14]} {[%emt 00:01:47]} 36. Ka3 {[%clk
01:09:55]} {[%emt 00:00:12]} g6 {[%clk 00:38:07]} {[%emt 00:01:17]} 37. Rc5
{[%clk 01:09:32]} {[%emt 00:00:33]} a4 {[%clk 00:34:33]} {[%emt 00:03:44]} 38.
bxa4 {[%emt 00:00:23]} bxa4 {[%emt 00:00:05]} 39. Kxa4 {[%clk 01:09:07]} {[%emt
00:00:07]} Rb1 {[%clk 00:34:08]} {[%emt 00:00:34]} 40. Rd5 {[%clk 01:08:34]}
{[%emt 00:00:44]} Kf7 {[%clk 00:33:26]} {[%emt 00:00:52]} 41. c4 {[%clk
01:08:20]} {[%emt 00:00:24]} Ke6 {[%clk 00:33:13]} {[%emt 00:00:23]} 42. Rb5
{[%clk 01:07:49]} {[%emt 00:00:42]} Rc1 {[%clk 00:32:51]} {[%emt 00:00:31]} 43.
Rb6+ {[%clk 01:07:35]} {[%emt 00:00:24]} Kf7 {[%clk 00:32:45]} {[%emt
00:00:17]} 44. Kb5 {[%clk 01:07:32]} {[%emt 00:00:12]} Rb1+ {[%clk 00:30:45]}
{[%emt 00:02:10]} 45. Kc6 {[%clk 01:07:30]} {[%emt 00:00:13]} Rc1 {[%clk
00:30:27]} {[%emt 00:00:28]} 46. c5 {[%clk 01:07:27]} {[%emt 00:00:12]} Ke6
{[%clk 00:29:48]} {[%emt 00:00:49]} 47. Kb7+ {[%clk 01:07:08]} {[%emt
00:00:30]} Kf7 {[%clk 00:29:27]} {[%emt 00:00:31]} 48. c6 {[%clk 01:07:06]}
{[%emt 00:00:12]} Ke7 {[%clk 00:28:13]} {[%emt 00:01:23]} 49. c7 {[%clk
01:07:06]} {[%emt 00:00:09]} Kd7 {[%clk 00:28:05]} {[%emt 00:00:19]} 50. Rxg6
{[%clk 01:06:46]} {[%emt 00:00:30]} Rxc7+ {[%clk 00:28:02]} {[%emt 00:00:12]}
51. Kb6 {[%clk 01:06:20]} {[%emt 00:00:06]} Rc4 {[%clk 00:27:38]} {[%emt
00:01:04]} 52. Rxh6 {[%emt 00:00:11]} Ke7 {[%emt 00:00:22]} 53. g5 {[%clk
01:05:35]} {[%emt 00:00:22]} Kf7 {[%clk 00:27:09]} {[%emt 00:00:40]} 54. h4
{[%clk 01:05:33]} {[%emt 00:00:12]} Rg4 {[%clk 00:26:48]} {[%emt 00:00:30]} 55.
Kc5 {[%clk 01:05:20]} {[%emt 00:00:23]} Kg7 {[%clk 00:26:24]} {[%emt 00:00:34]}
56. Kd5 {[%clk 01:05:14]} {[%emt 00:00:16]} Ra4 {[%clk 00:24:59]} {[%emt
00:01:35]} 57. Ke5 {[%clk 01:05:03]} {[%emt 00:00:21]} Rb4 {[%clk 00:24:34]}
{[%emt 00:00:36]} 58. Kf5 {[%clk 01:04:50]} {[%emt 00:00:23]} Rb5+ {[%clk
00:24:02]} {[%emt 00:00:43]} 59. Kg4 {[%clk 01:04:46]} {[%emt 00:00:12]} Rb4+
{[%clk 00:23:27]} {[%emt 00:00:45]} 60. Kh5 {[%clk 01:04:46]} {[%emt 00:00:10]}
Rb5 {[%clk 00:23:17]} {[%emt 00:00:21]} 61. Rd6 {[%clk 01:04:28]} {[%emt
00:00:28]} Rb7 {[%clk 00:22:11]} {[%emt 00:01:16]} 62. Rg6+ {[%clk 01:03:53]}
{[%emt 00:00:45]} Kh7 {[%clk 00:21:55]} {[%emt 00:00:27]} 63. Rf6 {[%clk
01:03:44]} {[%emt 00:00:19]} Kg7 {[%clk 00:21:38]} {[%emt 00:00:26]} 64. Rf5
{[%clk 01:03:00]} {[%emt 00:00:35]} Rc7 {[%clk 00:21:22]} {[%emt 00:00:47]} 65.
g6 {[%clk 01:02:42]} {[%emt 00:00:27]} Kg8 {[%clk 00:19:40]} {[%emt 00:01:52]}
66. Kh6 {[%clk 01:02:23]} {[%emt 00:00:29]} Rg7 {[%clk 00:19:14]} {[%emt
00:00:36]} 67. Rc5 {[%clk 01:02:07]} {[%emt 00:00:27]} Rf7 {[%emt 00:02:15]} 68.
gxf7+ {[%emt 00:00:17]} Kxf7 {[%clk 00:16:42]} {[%emt 00:00:09]} 69. Kg5 {[%clk
01:01:20]} {[%emt 00:00:57]} Kg8 {[%clk 00:15:41]} {[%emt 00:01:11]} 70. Rc7
{[%clk 01:01:17]} {[%emt 00:00:13]} Kf8 {[%clk 00:15:40]} {[%emt 00:00:11]} 71.
Kf6 {[%clk 01:01:05]} {[%emt 00:00:22]} Kg8 {[%clk 00:15:06]} {[%emt 00:00:43]}
72. h5 {[%clk 01:00:38]} {[%emt 00:00:22]} Kh8 {[%clk 00:15:06]} {[%emt
00:00:17]} 73. Kg6 {[%emt 00:00:06]} Kg8 {[%emt 00:00:18]} 74. Rc8# {[%emt
00:00:01]} 1-0